Sports Quiz

Random Sports or MLB Quiz

Historical Baseball Team Logos Quiz Stats

 Plays Quiz not verified by Sporcle

Score 0/34 Timer 10:00
0 Plays Today
% Correct
New York Yankees: 1947 - present
91.9%
New York Mets: 1962 - present
90.1%
Colorado Rockies: 1993 - present
87.9%
Atlanta Braves: 1990 - present
85.7%
Seattle Mariners: 1993 - present
85.3%
Florida Marlins: 1993 - 2011
84.9%
Arizona Diamondbacks: 1998 - 2006
77.6%
Chicago White Sox: 1976 - 1990
72.1%
San Diego Padres: 1969 - 1984
70.6%
Toronto Blue Jays: 1977 - 1996
65.4%
Montreal Expos: 1969 - 1991
62.1%
Houston Astros: 1975 - 1993
60.7%
Oakland Athletics: 1968 - 1982
58.5%
Washington Nationals: 2005 - 2010
58.5%
Philadelphia Phillies: 1950 - 1969
56.6%
Baltimore Orioles: 1954 - 1965
54.8%
Texas Rangers: 1972 - 1982
50.4%
% Correct
New York & San Francisco Giants: 1947 - 1976
47.4%
Anaheim Angels: 1997 - 2001
44.5%
Kansas City Royals: 2002 - present
44.1%
St. Louis Cardinals: 1922 - 1926, 1929 - 1948
41.2%
Detroit Tigers: 1934 - 1960
40.1%
St. Louis Browns: 1916 - 1935
38.6%
Tampa Bay Devil Rays: 2001 - 2007
33.8%
Washington Nationals & Senators: 1948 - 1958
33.1%
Milwaukee Brewers: 1970 - 1977
31.6%
Cleveland Indians: 1946 - 1950
27.9%
Pittsburgh Pirates: 1960 - 1967
27.9%
Boston Red Sox: 1950 - 1959
27.6%
Minnesota Twins: 1976 - 1986
21.7%
Chicago Cubs: 1927 - 1936
20.6%
Philadelphia Athletics: 1939 - 1953
20.6%
Cincinnati Redlegs & Reds: 1954 - 1960
18.4%
Brooklyn Dodgers: 1938 - 1951
12.1%

You're not logged in!

Compare scores with friends on all Sporcle quizzes.
OR
Log In

Show Comments

Extras

Top Quizzes Today


Score Distribution

Your Account Isn't Verified!

In order to create a playlist on Sporcle, you need to verify the email address you used during registration. Go to your Sporcle Settings to finish the process.

Report this User

Report this user for behavior that violates our Community Guidelines.

Details: